[Event "Joao Pessoa Fischer Memorial 7th"]
[Site "Joao Pessoa"]
[Date "2016.03.11"]
[Round "1"]
[White "Lucena, Helianto dos Santos"]
[Black "Zallocco, Marco"]
[Result "0-1"]
[WhiteElo "1815"]
[BlackElo "2191"]
[PlyCount "63"]
[EventDate "2016.03.11"]
[EventType "swiss"]
[EventRounds "6"]
[EventCountry "BRA"]
[SourceTitle "CBM 171 Extra"]
[Source "ChessBase"]
[SourceDate "2016.04.26"]
[SourceVersion "1"]
[SourceVersionDate "2016.04.26"]
[SourceQuality "1"]

1. d4 e6 2. e3 Nf6 3. Bd3 d5 4. Nd2 c5 5. c3 Bd6 6. f4 Nc6 7. Ngf3 h6 8. 0-0 Qc7 9. Ne5 c4 10. Bc2 b5 11. Qf3 Bb7 12. a4 b4 13. cxb4 Nxb4 14. Bb1 c3 15. bxc3 Qxc3 16. Ra3 Qc7 17. Rb3 Ba6 18. Rd1 Rc8 19. Ba3 Qa5 20. Qg3 Rg8 21. Bg6 Rf8 22. Rdb1 Ke7 23. h3 Nc6 24. Bxd6+ Kxd6 25. Nxf7+ Rxf7 26. Bxf7 Qxd2 27. f5+ e5 28. Be6 Rc7 29. Rb8 Ne4 30. Qg6 Qxe3+ 31. Kh2 Qf4+ 32. g3 0-1

[Event "Porto Sant Elpidio op-A 2nd"]
[Site "Porto Sant Elpidio"]
[Date "1999.10.23"]
[Round "4"]
[White "Zallocco, Marco"]
[Black "Rinaudo, Claudio"]
[Result "0-1"]
[WhiteElo "1425"]
[BlackElo "1552"]
[PlyCount "74"]
[EventDate "1999.10.16"]
[EventType "swiss"]
[EventRounds "6"]
[EventCountry "ITA"]
[SourceTitle "EXT 2024"]
[Source "ChessBase"]
[SourceDate "2023.10.10"]
[SourceVersion "1"]
[SourceVersionDate "2023.10.10"]
[SourceQuality "1"]

1. d4 d5 2. Bf4 Bf5 3. Nf3 Nf6 4. e3 e6 5. c4 c6 6. h3 Bd6 7. Bxd6 Qxd6 8. c5 Qc7 9. b4 0-0 10. Bd3 Bxd3 11. Qxd3 Nbd7 12. 0-0 e5 13. dxe5 Nxe5 14. Nxe5 Qxe5 15. Qc3 Rfe8 16. Qxe5 Rxe5 17. Nd2 Ne4 18. Nxe4 Rxe4 19. a3 Rae8 20. Rad1 Rc4 21. Rc1 Ree4 22. Rfd1 Kf8 23. Kf1 f5 24. g3 g5 25. Rxc4 Rxc4 26. Rd4 Rc1+ 27. Ke2 Ra1 28. Rd3 Rh1 29. h4 gxh4 30. gxh4 Rxh4 31. Kf3 Rg4 32. Rd4 Re4 33. Ke2 Kg7 34. Rxe4 fxe4 35. f4 exf3+ 36. Kxf3 Kf6 37. Kf4 Ke6 0-1